मध्यकालीन हिंदी साहित्य / (Record no. 117980)

MARC details
000 -LEADER
fixed length control field 01209nam a22002657a 4500
005 - DATE AND TIME OF LATEST TRANSACTION
control field 20170124103104.0
010 ## - LIBRARY OF CONGRESS CONTROL NUMBER
LC control number 987764
020 ## - INTERNATIONAL STANDARD BOOK NUMBER
Terms of availability 40.00
035 ## - SYSTEM CONTROL NUMBER
System control number 987764
037 ## - SOURCE OF ACQUISITION
Source of stock number/acquisition Cen Lib/Ret
040 ## - CATALOGING SOURCE
Original cataloging agency DPL
Language of cataloging HN
082 ## - DEWEY DECIMAL CLASSIFICATION NUMBER
Classification number 821.08
Item number मध्यका
245 ## - TITLE STATEMENT
Title मध्यकालीन हिंदी साहित्य /
Statement of responsibility, etc संपादक विजयेन्द्र [एवं] रामजी मिश्र
246 ## - VARYING FORM OF TITLE
Title proper/short title MAdhyaleen hindi sahitya /
Remainder of title sampadak Vijendra [evam] Ramji Mishr
260 ## - PUBLICATION, DISTRIBUTION, ETC. (IMPRINT)
Place of publication, distribution, etc दिल्ली
Name of publisher, distributor, etc प्रेम पुस्तक भंडार
Date of publication, distribution, etc 1979
270 ## - ADDRESS
City दिल्ली
Address 1644, सोहन गंज, सब्जी मंदी
Postal code 110007
300 ## - PHYSICAL DESCRIPTION
Extent 438पृ.
Dimensions 20सेमी(सजिल्द )
650 ## - SUBJECT ADDED ENTRY--TOPICAL TERM
Topical term or geographic name as entry element साहित्य--कविता
General subdivision
9 (RLIN) 77792
650 ## - SUBJECT ADDED ENTRY--TOPICAL TERM
Topical term or geographic name as entry element हिंदी--कविता--भक्ति काल
9 (RLIN) 77793
650 ## - SUBJECT ADDED ENTRY--TOPICAL TERM
Topical term or geographic name as entry element Literature--Poetry
9 (RLIN) 77794
650 ## - SUBJECT ADDED ENTRY--TOPICAL TERM
Topical term or geographic name as entry element Hindi--poetry--Bhakti period
9 (RLIN) 77795
700 ## - ADDED ENTRY--PERSONAL NAME
Personal name विजेंन्द्र
9 (RLIN) 43304
700 ## - ADDED ENTRY--PERSONAL NAME
Personal name मिश्र, रामजी
9 (RLIN) 77796
942 ## - ADDED ENTRY ELEMENTS (KOHA)
Source of classification or shelving scheme Dewey Decimal Classification
Koha item type Hindi Books
Classification part 821.08
Call number suffix मध्यका
Holdings
Withdrawn status Lost status Damaged status Not for loan Home library Current library Date acquired Source of acquisition Cost, normal purchase price Total Checkouts Full call number Barcode Date last seen Date checked out Copy number Cost, replacement price Price effective from Koha item type
        Central Library Central Library 09/09/2015 Cen Lib/Ref 40.00 3 821.08 मध्यका 987764 17/07/2017 19/06/2017 1 40.00 09/09/2015 Hindi Books

© Delhi Public Library
Hit Counter
free hit counter